<The> Virtues of free trade

Globalizácia a voľný obchod. Čo hovorí teória. Príklad výnosov z obchodu. Dôveryhodnosť teórie. Nedostatky voľného obchodu.

Uložené v:
Podrobná bibliografia
Hlavný autor: de Vall, Albert
Médium: Kapitola
Jazyk:English
Predmet:
Tagy: Pridať tag
Žiadne tagy, Buďte prvý, kto otaguje tento záznam!

MARC

LEADER 00000naa$a2200000$$$4500
001 0011644
005 20221128112745.6
041 0 |a eng 
044 |a SK 
245 1 0 |a <The> Virtues of free trade  |c aut. Albert de Vall 
520 |a Globalizácia a voľný obchod. Čo hovorí teória. Príklad výnosov z obchodu. Dôveryhodnosť teórie. Nedostatky voľného obchodu. 
610 2 0 |a obchod voľný 
610 2 0 |a obchod zahraničný 
610 2 0 |a trh zahraničný 
610 2 0 |a globalizácia 
610 2 0 |a teória obchodu 
100 1 |a de Vall, Albert